| 000 | 01615 am a2200325Ia 4500 | ||
|---|---|---|---|
| 001 | ocm54358493 | ||
| 003 | OCoLC | ||
| 005 | 20220830123259.0 | ||
| 008 | 040205s2004 nyu f 000 0 eng d | ||
| 020 | _a9780060574215 | ||
| 035 | _a(OCoLC)ocm54358493 | ||
| 040 |
_aNTG _beng _erda _cNTG _dVYM _dOCLCQ _dUOI _dEG-ScBUE |
||
| 082 | 0 | 4 |
_a646.78 _222 _bGRA |
| 100 | 1 |
_aGray, John, _d1951- _eauthor. |
|
| 245 | 1 | 0 |
_aMen are from Mars, women are from Venus : _bthe classic guide to understanding the opposite sex / _cJohn Gray, Ph.D. |
| 250 | _aFirst Quill edition. | ||
| 264 | 1 |
_aNew York, NY : _bHarper Collins Publishers, _c2004. |
|
| 300 |
_axxxiii, 323 pages ; _c20 cm |
||
| 336 |
_2rdacontent _atext _btxt |
||
| 337 |
_2rdamedia _aunmediated _bn |
||
| 338 |
_2rdacarrier _avolume _bnc |
||
| 505 | 0 | 0 |
_gAcknowledgments -- _gIntroduction to the paperback edition -- _gIntroduction -- _tMen are from Mars, woman are from Venus -- _tMr. Fix-it and the home-improvement committee -- _tMen go to their caves and women talk -- _tHow to motivate the opposite sex -- _tSpeaking different languages -- _tMen are like rubber bands -- _tWomen are like waves -- _tDiscovering our different emotional needs -- _tHow to avoid arguments -- _tScoring points with the opposite sex -- _tHow to communicate difficult feelings -- _tHow to ask for support and get it -- _tKeeping the magic of love alive. |
| 650 | 7 |
_aMarriage. _2BUEsh _940232 |
|
| 650 | 7 |
_aCommunication in marriage. _2BUEsh |
|
| 650 | 7 |
_aInterpersonal relations. _2BUEsh |
|
| 653 |
_bGGEN _cAugust2022 |
||
| 655 |
_vReading book _934232 |
||
| 942 |
_2ddc _cBB |
||
| 999 |
_c29920 _d29891 |
||